| 000 | 00379nam a2200145Ia 4500 | ||
|---|---|---|---|
| 008 | 210210b1978 xxu||||| |||| 00| 0 eng d | ||
| 082 | _aS891.1 BHAK | ||
| 100 | _aBHARAVI. | ||
| 245 | _aKiratarjuniyam. Ed. by Es Ramachandrashastri. | ||
| 260 |
_aBengaluru _bVishvavidyalaya _c1978 |
||
| 300 | _a71 | ||
| 650 | _aKiratarjuniyam | ||
| 690 | _aSanskrit Poetry | ||
| 906 | _aSG01692 | ||
| 999 |
_c112820 _d112820 |
||